Normal view MARC view
  • Tietz, Norbert W

Entry Personal Name

Number of records used in: 1

001 - CONTROL NUMBER

  • control field: 126683

003 - CONTROL NUMBER IDENTIFIER

  • control field: NUST

005 - DATE AND TIME OF LATEST TRANSACTION

  • control field: 20241031161600.0

008 - FIXED-LENGTH DATA ELEMENTS

  • fixed length control field: 241031|| aca||aabn | a|a d

040 ## - CATALOGING SOURCE

  • Original cataloging agency: NUST
  • Transcribing agency: NUST

100 ## - HEADING--PERSONAL NAME

  • Personal name: Tietz, Norbert W

670 ## - SOURCE DATA FOUND

  • Source citation: Work cat.: (NUST): Tietz, Norbert W. , Tietz fundamentals of clinical chemistry and molecular diagnostics / , 2024
© 2023 Central Library, National University of Sciences and Technology. All Rights Reserved.